The dying days of the Third Reich German accounts from World War II

Bibliographic Details
Main Author: Huber, Christian, 1964- (Author)
Other Authors: Brooks, Geoffrey (Translator)
Format: Book
Language:English
German
Published: Gloucestershire The History Press 2016
Edition:First publlished in English
Subjects:

MARC

LEADER 00000cam a2200000 4500
001 vtls011751380
003 SK-MaSNL
005 20260301183050.0
008 200205s2016 xxk gr 000 0deng
015 |a SNBZSA2018/07 
020 |a 9780750966979  |q (viazané) 
035 |a urn:nbn:sk:snk-am00d8qz 
035 |a urn:nbn:sk:snk-am3hti7 
035 |a C84A9DA0-22A5-4A92-B4B0-5D174B258080 
040 |a SNK  |b slo  |c SNK  |e rda 
041 1 |a eng  |h ger 
043 |a e-gx--- 
044 |a xxk  |c GB 
072 7 |a 821.112.2-3  |x Nemecká próza, nemecky písaná  |2 konspekt 
080 |a 94(100)"1939/1945"  |2 2011 
080 |a 355-051  |2 2011 
080 |a (430)  |2 2011 
080 |a (0:82-94)  |2 2011 
080 |a (0:82-322.6)  |2 2011 
100 1 |a Huber, Christian,  |d 1964-  |4 aut  |9 557811 
240 1 4 |a Das Ende vor Augen  |l Anglicky 
245 1 4 |a The dying days of the Third Reich  |b German accounts from World War II  |c Christian Huber ; translated by Geoffrey Brooks 
250 |a First publlished in English 
264 1 |a Gloucestershire  |b The History Press  |c 2016 
300 |a 174 strán  |c 24 cm 
336 |a text  |b txt  |2 rdacontent 
337 |a bez média  |b n  |2 rdamedia 
338 |a zväzok  |b nc  |2 rdacarrier 
500 |a Obsahuje biografické údaje o autorovi na prebale 
504 |a Obsahuje poznámky 
650 0 7 |a druhá svetová vojna (1939-1945)  |2 SNKPH  |9 169657 
650 0 7 |a vojaci  |2 SNKPH  |9 20587 
650 0 7 |a World War (1939-1945)  |2 SNKPHeng  |9 284172 
650 0 7 |a Soldiers  |2 SNKPHeng  |9 286109 
651 7 |a Nemecko  |2 SNKPHgeo  |9 21020 
651 7 |a Germany  |2 SNKPHeng  |9 268047 
655 7 |a spomienky  |2 SNKPH  |9 29509 
655 7 |a Reminiscences  |2 SNKPHeng  |9 93477 
655 7 |a biografické príbehy  |2 SNKPH  |9 70709 
655 7 |a Biographical stories  |2 SNKPHeng  |9 286436 
700 1 |a Brooks, Geoffrey  |4 trl  |9 557812 
919 |a 978-0-7509-6697-9 
958 |a ZS 
958 |a DE 
958 |a UP 
958 |a BC 
958 |a LX 
968 |b DT 
999 |c 855751  |d 857681 
952 |a SNK  |b SNK  |y PREZ  |7 0  |p 17A1330866  |o snkSC 179592  |i snk2018/10872  |8 4  |g 30.93  |0 0  |1 0  |4 0  |d 2018-04-17  |f 1  |l 0  |r 2026-02-24 04:55:45  |w 2026-02-24